00495nam a2200205Ia 450000500170000000800460001702000180006303700100008104000080009104000080009904000080010704100080011504100080012308400080013124500460013926000310018526000090021665000150022585600490024020260306150532.0008 260114s9999 xx 000 0 eng d a9781400873609 aEbook aCRL beng cCRL 2eng aeng qCRL 4aThe Collected Works of Spinoza, Volume II bPrinceton University Press c2016 aPhilosophy uhttps://www.degruyter.com/isbn/9781400873609